Memoria de responsabilidad social : 2007 - 2011 2007 - 2011
Descripción Física:
47 p. ; 24 cm
MARC
| LEADER | 00000nam a2200000Ia 4500 | ||
|---|---|---|---|
| 001 | 23367 | ||
| 008 | 160829s2011 xx 000 0 cat d | ||
| 080 | |a FU-60-11 | ||
| 245 | |a Memoria de responsabilidad social : |b 2007 - 2011 | ||
| 260 | |a Barcelona : |b Diputació de Barcelona. Àrea de Presidència, |c 2011 | ||
| 300 | |a 47 p. ; |c 24 cm | ||
| 610 | 1 | 0 | |a Barcelona (Catalunya : Província). |b Diputació |9 52408 |
| 650 | 0 | |a Empreses |x Responsabilitat social |9 45586 | |
| 650 | 0 | |a Administració pública |9 23819 | |
| 710 | |a Barcelona (Catalunya : Província). |b Àrea de Presidència |9 52558 | ||
| 901 | |a Arxiu | ||
| 942 | |n 1 | ||
| 952 | |0 0 |1 0 |4 0 |6 FU6011 |7 1 |9 54803 |a Arxiu |b Arxiu |d 2012-01-09 |l 0 |o FU-60-11 |p 23367 |r 2016-12-01 00:00:00 |w 2016-12-01 |y ARXIU | ||
| 999 | |c 58672 |d 58672 | ||